[Event "Ct. Lleida indiv. Absolut"]
[Site "Lleida"]
[Date "2013.11.03"]
[Round "5"]
[White "Perez Cabas, J."]
[Black "Torrelles Hornos, R."]
[Result "1/2-1/2"]
[WhiteElo "2021"]
[BlackElo "1818"]
[PlyCount "97"]
[EventDate "2013.??.??"]
[EventType "swiss"]
[EventRounds "9"]

1. e4 g6 2. d4 Bg7 3. c4 d6 4. f3 e5 5. d5 h5 6. Be3 Bh6 7. Bf2 f5 8. Nc3 Nf6
9. Bd3 f4 10. Qc2 Nbd7 11. O-O-O b6 12. Kb1 Nc5 13. Nge2 g5 14. g3 g4 15. gxf4
gxf3 16. Ng1 Ng4 17. Nxf3 Bxf4 18. Bh4 Qd7 19. Qe2 Nxd3 20. Rxd3 Qf7 21. h3 Nf6
22. Bg5 Bxg5 23. Nxg5 Qe7 24. Rf3 Nh7 25. Nxh7 Qxh7 26. Rhf1 Bd7 27. b4 O-O-O
28. c5 dxc5 29. bxc5 Kb8 30. Rf7 Qg6 31. Rxd7 Rxd7 32. c6 Rd6 33. Qa6 Rxc6 34.
dxc6 Qxc6 35. Rc1 Rc8 36. Qd3 Qc5 37. Nd5 Qd4 38. Qxd4 exd4 39. Ne7 Re8 40.
Nc6+ Kb7 41. e5 a5 42. a4 Ka6 43. Nxd4 Rxe5 44. Rxc7 Re4 45. Rd7 h4 46. Kc2 Re3
47. Nb5 Re2+ 48. Kd3 Rd2+ 49. Kxd2 {taules per ofegat} 1/2-1/2

[Event "Ct. Lleida indiv. Absolut"]
[Site "Lleida"]
[Date "2013.11.03"]
[Round "5"]
[White "Quintas Galeano, L."]
[Black "Barbero Sendic, A."]
[Result "0-1"]
[WhiteElo "2125"]
[BlackElo "2340"]
[PlyCount "120"]
[EventDate "2013.??.??"]
[EventType "swiss"]
[EventRounds "9"]

1. e4 c5 2. Nf3 Nc6 3. Bc4 e6 4. Nc3 Nf6 5. O-O d5 6. exd5 exd5 7. Re1+ Be7 8.
Bb5 O-O 9. Bxc6 bxc6 10. h3 Bf5 11. d3 Re8 12. Bf4 d4 13. Ne4 Nxe4 14. dxe4 Be6
15. Qd2 Qb6 16. b3 h6 17. Qd3 Rad8 18. Nd2 Qb4 19. Nc4 Bxc4 20. bxc4 Bg5 21.
Rab1 Qa5 22. Bg3 Bd2 23. Red1 Bc3 24. Rb7 Qxa2 25. Rdb1 Bb4 26. Rb3 Qa6 27. Rc7
Rc8 28. Rd7 Re6 29. e5 Rce8 30. Kh2 R6e7 31. Rxe7 Rxe7 32. c3 Qb6 33. cxb4 cxb4
34. Qf5 c5 35. Bh4 Qe6 36. Qxe6 Rxe6 37. f4 a5 38. Be1 a4 39. Rb1 b3 40. Bd2
Rb6 41. Bc1 Rb4 42. f5 Rxc4 43. e6 fxe6 44. fxe6 d3 45. Ba3 Re4 46. Bxc5 Rxe6
47. Rd1 b2 48. Ba3 Rb6 49. Bxb2 Rxb2 50. Rxd3 Rb8 51. Ra3 Ra8 52. Kg3 Kf7 53.
Kf4 Kf6 54. h4 Ra5 55. g4 g5+ 56. hxg5+ hxg5+ 57. Ke4 Ke6 58. Kd4 Kd6 59. Kc4
Ke5 60. Kb4 Ra8 0-1

[Event "Ct. Lleida indiv. Absolut"]
[Site "Lleida"]
[Date "2013.11.03"]
[Round "5"]
[White "Tilev, R."]
[Black "Palau Cabases, A."]
[Result "0-1"]
[WhiteElo "1799"]
[BlackElo "1961"]
[PlyCount "98"]
[EventDate "2013.??.??"]
[EventType "swiss"]
[EventRounds "9"]

1. e4 c5 2. Nf3 e6 3. d4 cxd4 4. Nxd4 a6 5. a4 Nf6 6. Bd3 Bc5 7. Be3 Qb6 8. c3
Qxb2 9. Nc2 Bxe3 10. fxe3 Nc6 11. O-O Qb6 12. Nd4 Ne5 13. Na3 Qc7 14. h3 Qxc3
15. Bc2 Qxe3+ 16. Kh1 Qg3 17. Ne2 Qe3 18. Nf4 Nxe4 19. Bxe4 Qxe4 20. Qd6 Ng6
21. Rae1 Qc6 22. Qb4 d5 23. Nh5 Rg8 24. Rc1 Qd7 25. Rc2 Ne7 26. Rfc1 Nc6 27.
Qg4 Qe7 28. Nb1 f5 29. Qg3 g5 30. Nf4 Qd6 31. Rf1 Rg6 32. Nh5 Qxg3 33. Nxg3 Bd7
34. Nc3 Rc8 35. Rb1 Na5 36. Nge2 e5 37. Rcb2 Bc6 38. Rb4 d4 39. Nd1 Be4 40. Ra1
Rc2 41. Rb2 Rxb2 42. Nxb2 Rc6 43. Rc1 d3 44. Rxc6 bxc6 45. Nc3 c5 46. Kg1 c4
47. Kf2 Bc6 48. g3 f4 49. g4 e4 0-1

[Event "Ct. Lleida indiv. Absolut"]
[Site "Lleida"]
[Date "2013.11.03"]
[Round "5"]
[White "Trepat Herranz, J."]
[Black "Ramon Solans, A."]
[Result "1-0"]
[WhiteElo "2336"]
[BlackElo "2310"]
[PlyCount "63"]
[EventDate "2013.??.??"]
[EventType "swiss"]
[EventRounds "9"]

1. Nf3 d5 2. c4 c6 3. d4 e6 4. e3 f5 5. Bd3 Nf6 6. O-O Bd6 7. b3 O-O 8. Ba3 Ne4
9. Bxd6 Qxd6 10. Qc2 Nd7 11. Nc3 b6 12. Rab1 a5 13. Na4 Bb7 14. Nxb6 Nxb6 15.
c5 Qd8 16. cxb6 Qxb6 17. Ne5 Nf6 18. Rfc1 Rfc8 19. Be2 Rc7 20. Nd3 Nd7 21. b4
axb4 22. Rxb4 Qa5 23. Rcb1 Bc8 24. a4 Ba6 25. Nf4 c5 26. Nxe6 Rcc8 27. Bxa6
Rxa6 28. Nxc5 Nxc5 29. dxc5 Rxc5 30. Rb8+ Kf7 31. Qxf5+ Rf6 32. R8b7+ 1-0

[Event "Ct. Lleida indiv. Absolut"]
[Site "Lleida"]
[Date "2013.11.10"]
[Round "6"]
[White "Arnillas Moles, J."]
[Black "Farre Regada, J."]
[Result "1-0"]
[WhiteElo "1797"]
[BlackElo "1878"]
[PlyCount "75"]
[EventDate "2013.??.??"]
[EventType "swiss"]
[EventRounds "9"]

1. e4 e6 2. d4 d5 3. Nc3 Nf6 4. Bg5 Be7 5. e5 Nfd7 6. h4 Bxg5 7. hxg5 Qxg5 8.
Nh3 Qe7 9. Bd3 b6 10. Qe2 Nc6 11. Nb5 Nf8 12. c3 Bb7 13. Qg4 g6 14. Ng5 a6 15.
Na3 O-O-O 16. f4 Kb8 17. Qe2 Ka7 18. Nc2 Nd7 19. b4 Ncb8 20. a4 h6 21. Nf3 g5
22. f5 exf5 23. Bxf5 Rde8 24. Na3 c6 25. b5 a5 26. bxc6 Bxc6 27. Nb5+ Bxb5 28.
Qxb5 Rc8 29. Qxd5 Rxc3 30. Be4 Nc6 31. O-O Qe6 32. Qb5 Qc4 33. Qxc4 Rxc4 34.
Bd5 Rc3 35. Rac1 Rxc1 36. Rxc1 Ncb8 37. Rc7+ Ka6 38. Bb7+ 1-0

[Event "Ct. Lleida indiv. Absolut"]
[Site "Lleida"]
[Date "2013.11.10"]
[Round "6"]
[White "Barbero Sendic, A."]
[Black "Pera Lucas, E."]
[Result "1-0"]
[WhiteElo "2340"]
[BlackElo "1934"]
[PlyCount "29"]
[EventDate "2013.??.??"]
[EventType "swiss"]
[EventRounds "9"]

1. g3 e5 2. Bg2 d5 3. c4 Nf6 4. cxd5 Nxd5 5. Nc3 c6 6. d3 Be7 7. Nf3 Bf6 8. Ne4
Be6 9. Nxf6+ Nxf6 10. O-O Nbd7 11. b3 O-O 12. Bb2 Qe7 13. Qd2 Rfe8 14. Rac1
Rad8 15. Ba1 {irreproduible} 1-0

[Event "Ct. Lleida indiv. Absolut"]
[Site "Lleida"]
[Date "2013.11.10"]
[Round "6"]
[White "Campos Olaya, I."]
[Black "Perez Cabas, J."]
[Result "1-0"]
[WhiteElo "2165"]
[BlackElo "2021"]
[PlyCount "57"]
[EventDate "2013.??.??"]
[EventType "swiss"]
[EventRounds "9"]

1. e4 c5 2. Nc3 e6 3. f4 Ne7 4. e5 d5 5. Nf3 a6 6. d4 cxd4 7. Ne2 Nbc6 8. Nexd4
Nxd4 9. Nxd4 Nc6 10. c3 Be7 11. Bd3 Bd7 12. Qe2 Nxd4 13. cxd4 Qb6 14. Be3 Bb5
15. Bxb5+ axb5 16. O-O O-O 17. f5 exf5 18. Rxf5 g6 19. Rf2 b4 20. Qf3 Qe6 21.
Bh6 Rfc8 22. Raf1 Bf8 23. Bg5 Rc7 24. Qb3 Bg7 25. h3 Qc6 26. Rc1 Qd7 27. Rxc7
Qxc7 28. Qxd5 h6 29. Be3 1-0

[Event "Ct. Lleida indiv. Absolut"]
[Site "Lleida"]
[Date "2013.11.10"]
[Round "6"]
[White "Cosialls Ris, R."]
[Black "Sanuy Moncasi, A."]
[Result "0-1"]
[WhiteElo "1699"]
[BlackElo "1945"]
[PlyCount "48"]
[EventDate "2013.??.??"]
[EventType "swiss"]
[EventRounds "9"]

1. e4 d6 2. d4 g6 3. Nf3 Bg4 4. h3 Bxf3 5. Qxf3 e6 6. e5 d5 7. c4 c6 8. c5 Nd7
9. Qc3 h5 10. h4 Nh6 11. Bg5 Qc7 12. Be2 Nf5 13. Nd2 Bg7 14. f3 f6 15. exf6
Nxf6 16. Nf1 Nd7 17. Rd1 e5 18. b4 exd4 19. Qd2 Be5 20. Bd3 O-O 21. Bh6 Rae8
22. Kf2 Rf6 23. Qg5 Rfe6 24. Rh3 Nxh6 0-1

[Event "Ct. Lleida indiv. Absolut"]
[Site "Lleida"]
[Date "2013.11.10"]
[Round "6"]
[White "Farre Selma, D."]
[Black "Cabestany Serra, X."]
[Result "1-0"]
[WhiteElo "1882"]
[BlackElo "1695"]
[PlyCount "73"]
[EventDate "2013.??.??"]
[EventType "swiss"]
[EventRounds "9"]

1. e4 e5 2. Nf3 Nc6 3. Bc4 Bc5 4. c3 Nf6 5. O-O O-O 6. d4 exd4 7. cxd4 Nxd4 8.
Nxd4 Nxe4 9. Be3 d5 10. Bb3 c6 11. Nd2 Bxd4 12. Bxd4 f5 13. Rc1 Kh8 14. f3 Ng5
15. Re1 Re8 16. Re2 Bd7 17. Nf1 Rxe2 18. Qxe2 Qe8 19. Re1 Qxe2 20. Rxe2 Re8 21.
Rxe8+ Bxe8 22. Bxa7 Kg8 23. Ng3 g6 24. Ne2 Ne6 25. Nd4 Kf7 26. Nxe6 Kxe6 27.
Bd4 Kd6 28. f4 c5 29. Be5+ Kc6 30. Kf2 c4 31. Bd1 b5 32. Ke3 Kc5 33. Bg7 Bf7
34. Bf8+ Kc6 35. Kd4 Bg8 36. h4 Bf7 37. Bb4 1-0

[Event "Ct. Lleida indiv. Absolut"]
[Site "Lleida"]
[Date "2013.11.10"]
[Round "6"]
[White "Gutierrez Martos, FE."]
[Black "Cardona Marin, W."]
[Result "1-0"]
[WhiteElo "2026"]
[BlackElo "1817"]
[PlyCount "87"]
[EventDate "2013.??.??"]
[EventType "swiss"]
[EventRounds "9"]

1. e4 e5 2. Nf3 Nc6 3. Bc4 Nf6 4. Ng5 d5 5. exd5 Nxd5 6. d4 Be6 7. Nxe6 fxe6 8.
dxe5 Nxe5 9. Qh5+ Ng6 10. Bd3 Qf6 11. O-O O-O-O 12. Bxg6 Qxg6 13. Qxg6 hxg6 14.
Bg5 Bd6 15. g3 Rdf8 16. Nd2 Rh5 17. h4 Bc5 18. c3 Nf6 19. Rae1 Re8 20. Re2 e5
21. Rfe1 Ng4 22. Ne4 Bb6 23. Kg2 Rhh8 24. f3 Nh6 25. Be3 Bxe3 26. Rxe3 Nf5 27.
R3e2 Re7 28. Nc5 b6 29. Nd3 e4 30. fxe4 Rhe8 31. Nf4 Nd6 32. e5 Nf7 33. Nxg6
Re6 34. h5 c5 35. Kf3 Kc7 36. Re3 Kc6 37. Kf4 b5 38. g4 a5 39. Nh4 c4 40. Nf5
Kd5 41. Nxg7 Nxe5 42. Nxe8 Nd3+ 43. Rxd3+ cxd3 44. Nc7+ 1-0

[Event "Ct. Lleida indiv. Absolut"]
[Site "Lleida"]
[Date "2013.11.10"]
[Round "6"]
[White "Lara Dieguez, F."]
[Black "Blanch Plana, JR."]
[Result "1/2-1/2"]
[WhiteElo "1926"]
[BlackElo "1729"]
[PlyCount "56"]
[EventDate "2013.??.??"]
[EventType "swiss"]
[EventRounds "9"]

1. e4 e6 2. d4 d5 3. Nc3 Bb4 4. e5 c5 5. Qg4 Ne7 6. dxc5 Bxc3+ 7. bxc3 Qa5 8.
Qb4 Qc7 9. Nf3 Nbc6 10. Qf4 Ng6 11. Qg3 Bd7 12. Bd3 Ncxe5 13. Nxe5 Qxe5+ 14.
Qxe5 Nxe5 15. Be2 Ba4 16. Rb1 Bc6 17. O-O O-O 18. Bb5 Rfc8 19. Bf4 Bxb5 20.
Rxb5 Nc4 21. Rxb7 Rxc5 22. Rfb1 Rcc8 23. Re7 Re8 24. Rd7 Red8 25. Re7 Re8 26.
Rd7 Nb6 27. Rb7 Nc4 28. Rd7 Red8 1/2-1/2

[Event "Ct. Lleida indiv. Absolut"]
[Site "Lleida"]
[Date "2013.11.10"]
[Round "6"]
[White "Llavall Sans, D."]
[Black "Trepat Herranz, J."]
[Result "0-1"]
[WhiteElo "2098"]
[BlackElo "2336"]
[PlyCount "86"]
[EventDate "2013.??.??"]
[EventType "swiss"]
[EventRounds "9"]

1. e4 e5 2. d4 exd4 3. Nf3 d6 4. Bc4 Be7 5. c3 Nf6 6. cxd4 Nxe4 7. Qb3 O-O 8.
Bd5 Nf6 9. Bxb7 Bxb7 10. Qxb7 Nbd7 11. Nc3 Nb6 12. Qc6 Qe8 13. Qxe8 Rfxe8 14.
O-O Rab8 15. Re1 Nbd5 16. Nxd5 Nxd5 17. b3 Bf6 18. Rxe8+ Rxe8 19. Kf1 Kf8 20.
Bb2 Rb8 21. Rc1 Ke7 22. Rc4 a5 23. Bc3 a4 24. bxa4 Kd7 25. Bd2 Rb2 26. a3 Ra2
27. a5 Rxa3 28. Ke2 h6 29. g3 c6 30. Ne1 Bd8 31. Rc2 Bxa5 32. Bxa5 Rxa5 33. Rb2
Kc7 34. Kd2 Ra4 35. Kd3 Ra3+ 36. Kd2 Nb6 37. Rc2 Ra4 38. Kd3 Nd5 39. Rb2 Ra1
40. Nc2 Rd1+ 41. Ke2 Nc3+ 42. Ke3 Rh1 43. h4 Nd1+ 0-1

[Event "Ct. Lleida indiv. Absolut"]
[Site "Lleida"]
[Date "2013.11.10"]
[Round "6"]
[White "Montoliu Daroca, I."]
[Black "Lopez Morato, J."]
[Result "1-0"]
[WhiteElo "1789"]
[BlackElo "1608"]
[PlyCount "59"]
[EventDate "2013.??.??"]
[EventType "swiss"]
[EventRounds "9"]

1. c4 e6 2. Nc3 c6 3. e3 d5 4. cxd5 cxd5 5. d4 Nf6 6. g3 Bb4 7. Qa4+ Nc6 8. Bb5
Bxc3+ 9. bxc3 Bd7 10. Ba3 a6 11. Bd3 Ne7 12. Qb4 Bc6 13. Nf3 O-O 14. Qxe7 Qxe7
15. Bxe7 Rfe8 16. Bxf6 gxf6 17. Nd2 e5 18. Nb3 b6 19. O-O a5 20. Rab1 e4 21.
Be2 f5 22. Nd2 Rab8 23. Bb5 Rec8 24. Rfc1 Kg7 25. c4 dxc4 26. Nxc4 Bd5 27. a4
Rc7 28. Nd6 Rxc1+ 29. Rxc1 Kf6 30. Rc8 1-0

[Event "Ct. Lleida indiv. Absolut"]
[Site "Lleida"]
[Date "2013.11.10"]
[Round "6"]
[White "Parramon Guillaumet, J."]
[Black "Pareja Guerrero, FJ."]
[Result "0-1"]
[WhiteElo "1942"]
[BlackElo "1683"]
[PlyCount "62"]
[EventDate "2013.??.??"]
[EventType "swiss"]
[EventRounds "9"]

1. e4 e6 2. d4 d5 3. Nc3 Bb4 4. e5 c5 5. a3 Bxc3+ 6. bxc3 Qa5 7. Bd2 Qa4 8. Qg4
g6 9. Qf4 Qxc2 10. Nf3 Ne7 11. dxc5 Nbc6 12. Bb5 Bd7 13. Bxc6 Bxc6 14. O-O h6
15. Nd4 Qa4 16. Qf6 Rh7 17. g4 Kd7 18. f4 Qc4 19. f5 gxf5 20. gxf5 Rg8+ 21. Kh1
Nxf5 22. Rxf5 Rg6 23. Qh4 exf5 24. Qh3 Ke8 25. Re1 Bd7 26. Qf3 Qxc5 27. h4 Rhg7
28. Kh2 Rg4 29. Kh3 Qe7 30. Qf2 f4 31. e6 Rg3+ 0-1

[Event "Ct. Lleida indiv. Absolut"]
[Site "Lleida"]
[Date "2013.11.10"]
[Round "6"]
[White "Ramon Solans, A."]
[Black "Quintas Galeano, L."]
[Result "1-0"]
[WhiteElo "2310"]
[BlackElo "2125"]
[PlyCount "113"]
[EventDate "2013.??.??"]
[EventType "swiss"]
[EventRounds "9"]

1. e4 e5 2. Nf3 Nc6 3. Bc4 Nf6 4. d3 Be7 5. O-O O-O 6. c3 d6 7. b4 h6 8. Nbd2
Be6 9. Re1 Bxc4 10. Nxc4 Re8 11. h3 Bf8 12. a3 b5 13. Ne3 d5 14. Qc2 a5 15. Bb2
dxe4 16. dxe4 Re6 17. Rad1 Qe8 18. Nd5 Bd6 19. Nh4 g6 20. Bc1 Kh7 21. Qd2 Ng8
22. Nf5 Qf8 23. Nxd6 Rxd6 24. Qe2 Qb8 25. f4 axb4 26. axb4 Nf6 27. Rf1 Nd7 28.
f5 Nd8 29. fxg6+ fxg6 30. Qg4 c6 31. Qxd7+ Rxd7 32. Nf6+ Kh8 33. Rxd7 Ra7 34.
Rfd1 Nf7 35. Bxh6 Qb6+ 36. Kh2 Nxh6 37. Rxa7 Qxa7 38. Rd7 Qxd7 39. Nxd7 Nf7 40.
h4 Kg7 41. Kg3 g5 42. h5 Kh6 43. Kg4 Nd6 44. Nxe5 Nxe4 45. Nf7+ Kg7 46. Nxg5
Nxc3 47. Ne6+ Kh6 48. Kh4 Nd5 49. g4 Nxb4 50. g5+ Kh7 51. g6+ Kg8 52. h6 Nd5
53. h7+ Kh8 54. Kg5 Ne7 55. Kh6 Nf5+ 56. Kg5 Ng7 57. Nd8 1-0

[Event "Ct. Lleida indiv. Absolut"]
[Site "Lleida"]
[Date "2013.11.10"]
[Round "6"]
[White "Ruiz Garcia, L."]
[Black "Alba Tarradelles, J."]
[Result "0-1"]
[WhiteElo "1693"]
[BlackElo "1888"]
[PlyCount "44"]
[EventDate "2013.??.??"]
[EventType "swiss"]
[EventRounds "9"]

1. e4 g6 2. d4 Bg7 3. Nf3 d6 4. b3 c5 5. Bb2 Bg4 6. Be2 Nc6 7. c3 cxd4 8. cxd4
Qb6 9. e5 Bxf3 10. Bxf3 dxe5 11. Bxc6+ Qxc6 12. O-O Rd8 13. Qe2 exd4 14. Qd3
Nh6 15. Nd2 O-O 16. Nf3 e5 17. Rfe1 Rfe8 18. Nd2 Nf5 19. f3 Ne3 20. Nf1 Qc2 21.
Qd2 Qxd2 22. Nxd2 Nc2 0-1

[Event "Ct. Lleida indiv. Absolut"]
[Site "Lleida"]
[Date "2013.11.10"]
[Round "6"]
[White "Sole Pijuan, F."]
[Black "Palau Cabases, A."]
[Result "1-0"]
[WhiteElo "1805"]
[BlackElo "1961"]
[PlyCount "69"]
[EventDate "2013.??.??"]
[EventType "swiss"]
[EventRounds "9"]

1. d4 Nf6 2. c4 c5 3. d5 b5 4. cxb5 a6 5. bxa6 Bxa6 6. Nc3 g6 7. e4 Bxf1 8.
Kxf1 d6 9. g3 Bg7 10. Kg2 O-O 11. Qc2 Nbd7 12. Nge2 Qa5 13. Rb1 Rfb8 14. b3 Rb7
15. Bb2 Rab8 16. Ba1 Rb4 17. f3 Nb6 18. Nd1 Qa6 19. Nf2 c4 20. Bc3 cxb3 21.
axb3 Rc8 22. Qd2 Rb5 23. Nd4 Rbc5 24. Ra1 Qb7 25. Nc6 Nbxd5 26. exd5 Rxd5 27.
Nd4 e5 28. Qb2 exd4 29. Bxd4 Rxd4 30. Qxd4 Nd5 31. Qa7 Ne3+ 32. Qxe3 Rc3 33.
Ra7 Qxb3 34. Ra8+ Bf8 35. Qh6 1-0

[Event "Ct. Lleida indiv. Absolut"]
[Site "Lleida"]
[Date "2013.11.10"]
[Round "6"]
[White "Torrelles Hornos, R."]
[Black "Monfa Sole, R."]
[Result "0-1"]
[WhiteElo "1818"]
[BlackElo "2008"]
[PlyCount "134"]
[EventDate "2013.??.??"]
[EventType "swiss"]
[EventRounds "9"]

1. d4 Na6 2. e4 c6 3. Nc3 Nc7 4. Nf3 d6 5. Bd3 Nf6 6. O-O g6 7. h3 Bg7 8. Re1
O-O 9. Bf4 b5 10. Qd2 Re8 11. a4 b4 12. Ne2 a5 13. Ng3 Nd7 14. Bh6 Bh8 15. e5
dxe5 16. dxe5 Nc5 17. Rac1 Nxa4 18. Rb1 Nc5 19. Qe3 Nxd3 20. cxd3 Nd5 21. Qd2
a4 22. Re4 a3 23. Rh4 a2 24. Ra1 e6 25. Ne4 f6 26. exf6 Bxf6 27. Nxf6+ Qxf6 28.
Bg5 Qg7 29. Bh6 Qe7 30. Bg5 Qc7 31. d4 b3 32. Ne5 Ba6 33. Ng4 Rf8 34. Nh6+ Kh8
35. Ng4 Bb5 36. Ne5 Rg8 37. Qd1 Ba4 38. Qd3 Qg7 39. Bh6 Qf6 40. Qg3 Ra7 41. Bg5
Qf5 42. Kh2 Rb7 43. Bh6 Ra7 44. Bg5 h5 45. Qf3 Qxf3 46. Nxf3 Rf8 47. Kg3 Nc3
48. Be3 Nd5 49. Bd2 Bb5 50. Ne5 Kg7 51. Re4 Ne7 52. Nf3 Nf5+ 53. Kh2 Bc4 54.
Ne5 Bd5 55. Rf4 g5 56. Rxf5 Rxf5 57. f3 Ra4 58. Bc3 Kh6 59. g4 hxg4 60. hxg4
Rf4 61. Kg3 Kg7 62. Nxc6 Bxc6 63. d5+ Kf7 64. dxc6 Rfc4 65. c7 Rxc3 66. bxc3
Rc4 67. Rh1 b2 0-1

[Event "Ct. Lleida indiv. Absolut"]
[Site "Lleida"]
[Date "2013.11.10"]
[Round "6"]
[White "Villa Gimenez, C."]
[Black "Balasch Peries, E."]
[Result "1-0"]
[WhiteElo "1954"]
[BlackElo "1729"]
[PlyCount "53"]
[EventDate "2013.??.??"]
[EventType "swiss"]
[EventRounds "9"]

1. e4 c6 2. d4 d5 3. Nd2 e6 4. Ngf3 Nd7 5. Bd3 c5 6. c3 dxe4 7. Nxe4 Ngf6 8.
O-O h6 9. Ng3 Nb6 10. Ne5 a6 11. dxc5 Bxc5 12. Bg6 Bxf2+ 13. Kxf2 Qxd1 14.
Bxf7+ Ke7 15. Rxd1 Ng4+ 16. Nxg4 Kxf7 17. Be3 Nd7 18. Bd4 Rf8 19. Kg1 Kg8 20.
Ne5 Nf6 21. Rf1 b5 22. Rf2 Bb7 23. Raf1 Nd5 24. Rf7 Rab8 25. Nh5 Rxf7 26. Rxf7
g5 27. Rg7+ 1-0

[Event "Ct. Lleida indiv. Absolut"]
[Site "Lleida"]
[Date "2013.11.17"]
[Round "7"]
[White "Arno Bendicho, A."]
[Black "Sole Castañe, J."]
[Result "1-0"]
[WhiteElo "1927"]
[BlackElo "1665"]
[PlyCount "47"]
[EventDate "2013.??.??"]
[EventType "swiss"]
[EventRounds "9"]

1. d4 d5 2. c4 c6 3. Nf3 e6 4. Nc3 f5 5. Qc2 Nf6 6. Bg5 Be7 7. e3 Nbd7 8. Bd3
b6 9. cxd5 Nxd5 10. Bxe7 Qxe7 11. Nxd5 cxd5 12. O-O Qd6 13. Rac1 O-O 14. Qc7
Qxc7 15. Rxc7 Nf6 16. Ne5 Ne8 17. Re7 a6 18. Rc1 Rb8 19. Nc6 Ra8 20. Nd8 Nf6
21. Nxe6 Bxe6 22. Rxe6 Nd7 23. Rd6 Rac8 24. Rxc8 1-0

[Event "Ct. Lleida indiv. Absolut"]
[Site "Lleida"]
[Date "2013.11.17"]
[Round "7"]
[White "Blanch Plana, JR."]
[Black "Torrelles Hornos, R."]
[Result "1-0"]
[WhiteElo "1729"]
[BlackElo "1818"]
[PlyCount "145"]
[EventDate "2013.??.??"]
[EventType "swiss"]
[EventRounds "9"]

1. d4 g6 2. c4 Bg7 3. Nc3 d6 4. e4 e5 5. d5 h5 6. Be2 Bh6 7. Nf3 Bxc1 8. Qxc1
Nh6 9. h3 f6 10. Qd2 Na6 11. Nh2 Qe7 12. O-O-O Bd7 13. g4 h4 14. f4 O-O-O 15.
Nf3 Nf7 16. Rdf1 Nc5 17. Qe3 Kb8 18. fxe5 fxe5 19. Rh2 Rdf8 20. Rhf2 b6 21. Bd1
Rhg8 22. b4 Nb7 23. a4 a5 24. Rb2 Ng5 25. Nd2 Rxf1 26. Nxf1 Rf8 27. Nd2 Rf4 28.
Be2 Nf7 29. bxa5 Nxa5 30. Nb3 Nxb3+ 31. Rxb3 Kc8 32. a5 bxa5 33. Qa7 Kd8 34.
Rb8+ Bc8 35. c5 dxc5 36. Ba6 Nd6 37. Qa8 Qd7 38. Qa7 Ke7 39. Bxc8 Nxc8 40.
Qxc5+ Qd6 41. Qxa5 Nb6 42. Rh8 Rf1+ 43. Kd2 g5 44. Qb5 Rf8 45. Rh7+ Rf7 46.
Rxf7+ Kxf7 47. Qf1+ Qf6 48. Qf5 Nc4+ 49. Kd3 Nd6 50. Qxf6+ Kxf6 51. Kc2 Ke7 52.
Kd3 Kd7 53. Nb1 Nb5 54. Nd2 Nd4 55. Ke3 Kd6 56. Nc4+ Ke7 57. Nxe5 Nb5 58. Nf3
Kf6 59. e5+ Kg6 60. Ke4 Nc3+ 61. Kd4 Ne2+ 62. Ke4 Nf4 63. Ng1 Kh6 64. d6 cxd6
65. exd6 Ne6 66. Kf5 Nc5 67. Nf3 Nb7 68. Ke6 Nd8+ 69. Ke7 Nc6+ 70. Ke8 Kg6 71.
d7 Kf6 72. d8=Q+ Nxd8 73. Kxd8 1-0

[Event "Ct. Lleida indiv. Absolut"]
[Site "Lleida"]
[Date "2013.11.17"]
[Round "7"]
[White "Campos Olaya, I."]
[Black "Ramon Solans, A."]
[Result "1/2-1/2"]
[WhiteElo "2165"]
[BlackElo "2310"]
[PlyCount "82"]
[EventDate "2013.??.??"]
[EventType "swiss"]
[EventRounds "9"]

1. e4 e5 2. Nf3 Nc6 3. d4 exd4 4. Nxd4 Bc5 5. Nxc6 bxc6 6. Bd3 d6 7. O-O Nf6 8.
Bg5 h6 9. Bh4 g5 10. Bg3 Bg4 11. Qd2 Nh5 12. Qc3 O-O 13. e5 Nxg3 14. hxg3 Qe7
15. exd6 Qxd6 16. Na3 Bb4 17. Qc4 Be6 18. Qa6 c5 19. Qa4 Bxa3 20. bxa3 Qd4 21.
Qc6 c4 22. Be4 Bd7 23. Qd5 Qxd5 24. Bxd5 Rab8 25. Bxc4 Bb5 26. Bxb5 Rxb5 27.
Rfd1 Rc5 28. Rd2 Rb8 29. c4 Rxc4 30. Re1 Rb6 31. Re8+ Kg7 32. f3 Rc1+ 33. Kf2
Rbc6 34. g4 R1c2 35. Ree2 R2c3 36. a4 R3c4 37. Rd5 Rxa4 38. Kg3 Rc3 39. Re7
Rxa2 40. Rdd7 Rcc2 41. Rxf7+ Kg8 1/2-1/2

[Event "Ct. Lleida indiv. Absolut"]
[Site "Lleida"]
[Date "2013.11.17"]
[Round "7"]
[White "Fabrega Ramon, S."]
[Black "Parramon Guillaumet, J."]
[Result "1/2-1/2"]
[WhiteElo "1749"]
[BlackElo "1942"]
[PlyCount "91"]
[EventDate "2013.??.??"]
[EventType "swiss"]
[EventRounds "9"]

1. c4 e6 2. Nc3 f5 3. d3 Nf6 4. g3 d5 5. cxd5 exd5 6. e3 c6 7. Nge2 Bd6 8. Bg2
Na6 9. a3 O-O 10. O-O Nc7 11. b4 a5 12. bxa5 Rxa5 13. Qb3 Ne6 14. d4 Ng5 15.
Bd2 Ra6 16. Rfb1 Kh8 17. Na4 Nge4 18. Bb4 Re8 19. Rb2 Qe7 20. Nf4 b5 21. Bxd6
Qxd6 22. Nc3 Bd7 23. Nd3 Rea8 24. Rba2 g5 25. Ne5 Kg7 26. Nxe4 fxe4 27. a4 bxa4
28. Rxa4 Rxa4 29. Rxa4 Rb8 30. Qc2 Rb7 31. Ra6 Rc7 32. Bf1 Ng4 33. Nxd7 Qxd7
34. Bh3 Nxe3 35. Bxd7 Nxc2 36. Rxc6 Rxc6 37. Bxc6 Nb4 38. Ba4 Kf6 39. Kf1 Ke6
40. Ke2 Na6 41. f3 exf3+ 42. Kxf3 h5 43. Be8 h4 44. gxh4 gxh4 45. Kg4 Nc7 46.
Bc6 1/2-1/2

[Event "Ct. Lleida indiv. Absolut"]
[Site "Lleida"]
[Date "2013.11.17"]
[Round "7"]
[White "Farre Regada, J."]
[Black "Lara Dieguez, F."]
[Result "0-1"]
[WhiteElo "1878"]
[BlackElo "1926"]
[PlyCount "96"]
[EventDate "2013.??.??"]
[EventType "swiss"]
[EventRounds "9"]

1. e4 e6 2. d4 d5 3. Nc3 Bb4 4. e5 c5 5. a3 Bxc3+ 6. bxc3 Ne7 7. f4 Nbc6 8. Nf3
Qa5 9. Qd2 O-O 10. Bd3 f6 11. exf6 Rxf6 12. O-O Bd7 13. Rb1 Qc7 14. Qf2 c4 15.
Be2 Ng6 16. g3 Nce7 17. Re1 b5 18. Bf1 Raf8 19. Re2 Nf5 20. Qe1 Nd6 21. Ng5 Re8
22. Bh3 Nf8 23. Bg4 h6 24. Nh3 Ne4 25. Nf2 Bc6 26. Nxe4 dxe4 27. Bh3 a6 28. Bg2
h5 29. Bxe4 Bxe4 30. Rxe4 Qf7 31. Re5 Qg6 32. Qe2 Rf5 33. Re4 Nd7 34. Kh1 Qf7
35. Qg2 Nf6 36. Re1 Ng4 37. Bd2 Qe7 38. Qc6 Kf7 39. a4 h4 40. Kg2 hxg3 41. hxg3
Rh5 42. Rh1 Rxh1 43. Rxh1 bxa4 44. Qxa4 Qb7+ 45. Kg1 Qf3 46. Be1 Qe3+ 47. Kf1
Qf3+ 48. Kg1 Ne3 0-1

[Event "Ct. Lleida indiv. Absolut"]
[Site "Lleida"]
[Date "2013.11.17"]
[Round "7"]
[White "Ghenghiu, A."]
[Black "Llavall Sans, D."]
[Result "0-1"]
[WhiteElo "1700"]
[BlackElo "2098"]
[PlyCount "80"]
[EventDate "2013.??.??"]
[EventType "swiss"]
[EventRounds "9"]

1. d4 Nf6 2. c4 e6 3. g3 d5 4. Bg2 c6 5. Nc3 dxc4 6. e3 Nbd7 7. Nf3 Be7 8. Nd2
Nb6 9. Qc2 c5 10. dxc5 Bxc5 11. Nxc4 Nbd5 12. Nxd5 exd5 13. Nd2 O-O 14. O-O Qe7
15. Nb3 Bb6 16. Qd3 Rd8 17. Nd4 Ne4 18. b3 h5 19. Bb2 h4 20. f3 Ng5 21. Qc3 f6
22. gxh4 Nf7 23. f4 Nh6 24. Rae1 Bg4 25. h3 Rac8 26. Qd3 Bh5 27. Bf3 Qf7 28.
Kh2 Bg6 29. Qe2 Bxd4 30. Bxd4 Rc2 31. Qxc2 Bxc2 32. Rg1 b6 33. Rg2 Be4 34. Bxe4
dxe4 35. Reg1 Nf5 36. Ba1 Rd3 37. Rg6 Nxh4 38. Rxg7+ Qxg7 39. Rxg7+ Kxg7 40.
Bd4 Nf3+ 0-1

[Event "Ct. Lleida indiv. Absolut"]
[Site "Lleida"]
[Date "2013.11.17"]
[Round "7"]
[White "Monfa Sole, R."]
[Black "Gutierrez Martos, FE."]
[Result "1/2-1/2"]
[WhiteElo "2008"]
[BlackElo "2026"]
[PlyCount "97"]
[EventDate "2013.??.??"]
[EventType "swiss"]
[EventRounds "9"]

1. d3 d5 2. a3 e5 3. Nf3 Nc6 4. e4 Nf6 5. exd5 Nxd5 6. c4 Nf6 7. Be2 a5 8. O-O
Bc5 9. Nc3 O-O 10. Bg5 h6 11. Bh4 g5 12. Bg3 Re8 13. Nd2 Nd4 14. Nde4 Nxe4 15.
dxe4 Nxe2+ 16. Qxe2 c6 17. Rad1 Qe7 18. h3 Bd4 19. Qc2 f6 20. Kh2 Be6 21. Ne2
Bc5 22. a4 Qf7 23. b3 Qc7 24. f3 Rad8 25. Rxd8 Rxd8 26. Rd1 Rd6 27. Be1 b6 28.
Rxd6 Qxd6 29. Qd2 Qe7 30. Qd3 Kg7 31. g4 Bc8 32. Ng3 Bd4 33. Kg2 Qa3 34. Qc2
Qa1 35. Bf2 c5 36. Bxd4 Qxd4 37. Ne2 Qe3 38. Qd1 Be6 39. Ng3 Qd4 40. Qc2 Kf7
41. Nf5 Bxf5 42. exf5 Ke7 43. Qe4 Kd6 44. Qb7 Qd2+ 45. Kg3 Qe1+ 46. Kg2 Qe2+
47. Kg3 Qe1+ 48. Kg2 Qe2+ 49. Kg3 1/2-1/2